000 01253nam a2200337 c 4500
003 BLK
005 20240628115954.0
008 180408b bul|||||r ||||||| ||bul||
010 _aKNG00082420000
020 _a978-954-607-728-8
_bиздат.: ЛИК
040 _aBLK
041 _aBUL
_cBUL
080 _a
_b159.953/.955
_x(02.062)
_z159.953/.955(02.062)
100 1 _aЩенгер, Кристиане
_eпърви автор
_9144514
700 1 _aПеткова, Красимира
_eпрев. от нем.
_9372058
139 _aЩенгер, Кристиане
_bЩ 35
245 1 0 _aШампион по запаметяване
_cКристиане Щенгер; прев. от нем. Красимира Петкова.
257 _aDEU
260 София
_bЛИК
_c2006
300 _a251 с.
_c20 см
380 _a1
500 _aОриг. загл. Warum Fallt das Schaf vam Baum? / Christiane Stenger. - Офс. изд.
650 4 _aПамет - усъвършенстване
_9254538
653 _aпамет
852 _aЦб 239064
856 4 _qpdf
_u
856 4 _qpdf
_u
942 _cKNG
_n0
_05
944 _aCR
_c18.03.2008
_lСилвия Димитрова
_k30538
944 _aED
_c09.04.2014
_lф /
_k
999 _c77955
_d77955